Formula 1 2024 Circuits - Statistics

General Stats
  • This quiz has been taken 315 times
  • The average score is 17 of 24
Answer Stats
Picture Answer % Correct
Circuit de Monaco
86%
Bahrain International Circuit
85%
Suzuka International Racing Course
84%
Autodromo Nazionale Monza
82%
Jeddah Corniche Circuit
78%
Baku City Circuit
76%
Miami International Autodrome
76%
Melbourne Grand Prix Circuit
75%
Autodromo Enzo e Dino Ferrari
73%
Red Bull Ring
73%
Las Vegas Strip Circuit
72%
Shanghai International Circuit
72%
Silverstone Circuit
72%
Circuit de Barcelona-Catalunya
71%
Marina Bay Street Circuit
69%
Hungaroring
68%
Yas Marina Circuit
68%
Circuit of The Americas
62%
Lusail International Circuit
60%
Circuit Gilles-Villeneuve
58%
Circuit Zandvoort
57%
Autódromo Hermanos Rodríguez
56%
Autódromo José Carlos Pace
48%
Circuit de Spa-Francorchamps
46%
No matching quizzes found
Score Distribution
Percent of People with Each Score
Percentile by Number Answered
Your Score History
You have not taken this quiz